000
00294nam a2200121Ia 4500
008
190216s9999||||xx |||||||||||||| ||und||
100
_a
Wells Hg
245
4
_a
The History Of Mr.Polly
260
_b
Orient Longman
_c
1972
300
_a
285p
650
_a
English Novel-English Novel
942
_c
BK
999
_c
12544
_d
12544